000 00468nam a2200169Ia 4500
003 GCL
008 140319s9999 xx 000 0 eng d
040 _aGCL /
_cGCL
082 0 4 _a909.09767
_bK A
100 1 _aKHALIDI, TARIF
245 1 0 _aARABIC HISTORICAL THOUGHT IN THE CLASSICAL PERIOD /
_cKHALIDI, TARIF
260 _a[S.N] :
_bCAMBRIBGE UNIVERSITY PRESS ،
_c1994
300 _a250 P
650 0 4 _aISLAMIC EMPIRE
650 0 4 _aHISTORIOLOGY
942 _2ddc
_cBK
999 _c23522
_d23522